000 00681nam a2200217 a 4500
001 85901
003 BD-RjUL
005 20251030122614.0
008 251030s bg ||||| |||| 00| 0 ben d
035 _a(BD-RjUL)85901
040 _aBD-RjUL
_beng
_cBD-RjUL
041 _aben
082 _223
_a160
_bHAJ
100 _aহামিদ, এম. এ.
_917261
245 _aযুক্তিবিদ্যা :
_bঅবরোহ /
_cএম. এ. হামিদ
260 _bনোয়াখালি :
_cপুথিঘর,
300 _a১৫৬ পৃ.;
_c১৯ সেমি.
650 _aযুক্তিবিদ্যা
_91558
650 _aLogic
942 _2ddc
_cBK
999 _c85901
_d85901